000 00517nam a2200181Ia 4500
005 20250326125634.0
008 250326s9999 xx 000 0 und d
037 _aTextbook
040 _aFMSL
_beng
_cFMSL
041 _aeng
_2eng
084 _aX8(A):8D.4462 L3
_qFMSL
100 _aPal B K
245 0 _aAgricultural fice in west Bengal
_cPal B K
260 _aCalcutta
_bCalcutta, Firma K L Mukhopadhyay
_c1973
300 _a112p
942 _cTB
_hX8(A):8D.4462 L3
999 _c1278907
_d1278907